| 000 | 00903nam a2200229 u 4500 | ||
|---|---|---|---|
| 001 | 000307189 | ||
| 003 | AM-YeHGA | ||
| 005 | 20250617130230.0 | ||
| 008 | 040211s1969 ai r 000 0 arm d | ||
| 040 | _aAM-YeHGA | ||
| 041 | 0 | _aarm | |
| 080 | _a616B6 | ||
| 090 | _aԿ-53 | ||
| 100 | 1 | _aԿիրակոսյան, Գալյա Ավետիսի | |
| 245 | 1 | 0 |
_aԵրեխաների երիկամային հիվանդությունները / _cԳ.Ա. Կիրակոսյան; ՀՍՍՀ Առողջապահ. մինիստր. հանրապետ. սանլուստուն. |
| 260 |
_aԵրևան : _bՀայաստան, _c1969. |
||
| 300 |
_a20 էջ ; _c20 սմ. |
||
| 650 | 1 | 4 | _aՄանկաբուժություն |
| 650 | 1 | 4 | _aԵրիկամային հիվանդություն |
| 710 | 2 | _aՀՍՍՀ Առողջապահության մինիստրության հանրապետական սանլուստուն | |
| 090 | _c114650 | ||
| 999 |
_c113311 _d113311 |
||